000 00356nam a2200133 4500
005 20260530113844.0
100 1 _aDavid E. Carter
_930579
245 1 0 _aThe Little Book of Logo Recipes
264 1 _bHarper Design International
_c2004
300 _a272 páginas
336 _atexto
_2rdacontent
337 _asin medio
_2rdamedia
338 _avolumen
_2rdacarrier
999 _c11236
_d11236